01040nam a2200217 a 450000100100000000500170001000800410002702000150006804000250008308200150010810000370012324501190016026001650027930000340044450001400047850000420061850000230066004900090068395201130069299900170080500002980720200930055824.0110426s2001 dr ab 000 e spa d a9993481955 aDO-SdBNPbspacBNPHU axxxbP438e1 aPérez Montás, Eugenio91315610aEnsayo clásico :breflexiones sobre el vitruvianismo en la historia de las ciudades /cEugenio Pérez Montás. aSanto Domingo :bCentro de Altos de Estudios Humanísticos y del Idioma Español:bPatronato de la Ciudad Colonial:bSecretaría de Estado De Cultura,c2001. a232 p. :bmapa, il. ;c25 cm. aEste ensayo clásico fue elaborado a partir del discurso de ingreso como miembro de número de la academia dominicana de la historia. aIncluye notas al pie de la páginas. aIncluye índices. aBNPD 0010718PDaPDbPDcCTd2011-04-26iLF1l0oxxx P438ep29807-10r2020-06-25w2020-06-25yLFPDZNo se presta c29299d29299